=LDR 00000nam 2200000 4500 =001 000872 =005 20250712111657 =035 ##$$a 0010-0725000750 =007 ta =008 250712################a##########0#ind## =020 ##$$a 978-623-472-135-5 =082 ##$$a 398.209 598 =084 ##$$a 398.209 598 ARS k =100 #$$a Arshi Naaz, kuldeep sandhu, sushila =245 1#$$a Keluargaku /$c Arshi Naaz, kuldeep sandhu, sushila =250 ##$$a cetakan pertama =260 ##$$a Jakarta :$b badan pengembangan dan pembinaan bahasa,$c 2022 =300 ##$$a 20 hlm : $b ilus. ; $c 22,9 cm$e 398.209 598 =650 #4$$a Literasi Bahan Bacaan =856 ##$$a TBM As Suhada =990 ##$$a TBM202400734